Houston Astros Players - Sudden Death - Statistics

General Stats
  • This quiz has been taken 55 times
    48 since last reset
  • The average score is 13 of 20
Answers on the Grid
Answers color-coded by a green-red scale on the quiz's grid according to % correct below.
Alex Bregman
Andy Pettitte
Billy Wagner
Bobby Abreu
Carlos Beltran
Carlos Correa
Clayton Kershaw
Craig Biggio
Don Larson
Frank Thomas
Freddie Freeman
Howard Johnson
Hunter Pence
Jose Altuve
Jose Bautista
Justin Verlander
Ken Caminiti
Kyle Tucker
Luis Garcia
Max Scherzer
Mike Trout
Moises Alou
Nolan Ryan
Pedro Martinez
Rafael Batista
Roberto Clemente
Roger Clemens
Rusty Staub
Sammy Sosa
Ty Cobb
 
Answer Stats
Answer % Correct
Alex Bregman
97%
Jose Altuve
97%
Justin Verlander
93%
Kyle Tucker
93%
Carlos Correa
90%
Billy Wagner
87%
Craig Biggio
87%
Carlos Beltran
83%
Nolan Ryan
83%
Luis Garcia
77%
Andy Pettitte
70%
Hunter Pence
70%
Ken Caminiti
60%
Roger Clemens
60%
Bobby Abreu
50%
Moises Alou
43%
Rusty Staub
37%
Don Larson
33%
Rafael Batista
20%
Pedro Martinez
10%
No matching quizzes found
Score Distribution
Percent of People with Each Score
Percentile by Number Answered
Your Score History
You have not taken this quiz since the last reset